000 00465cam a2200181ua 4500
001 3542
008 111121n ii |||gr||||Z||||||eng
040 _cMAIN
082 _a491.451
100 _aSharma, Mukunda Madhava,
_eAuthor.
245 1 1 _aTangari asamiyako skiani
_cby Mukunda Madhava Sharma
250 _a1st.
260 _aJorhat:
_bAssam Sahitya Sabha.
300 _a118p:
_c23cm.
653 _aAssamese
653 _aTangari asamiyako skiani
942 _cBK
999 _c3383
_d3383